Legia Warszawa 2024/2025 - Statystyki

Ogólne statystyki
  • Ten quiz został rozwiązany 254 razy
  • Średni wynik to 8 z 11
Statystyki odpowiedzi
Pozycja Zawodnik % Poprawnych
Środkowy obrońca Steve Kapuadi
88%
Środkowy napastnik Marc Gual
87%
Prawy obrońca Paweł Wszołek
86%
Środkowy pomocnik Bartosz Kapustka
84%
Lewy obrońca Ruben Vinagre
82%
Bramkarz Vladan Kovačević
80%
Środkowy obrońca Radovan Pankov
77%
Środkowy pomocnik Ryoya Morishita
74%
Defensywny pomocnik Rafał Augustyniak
69%
Prawy skrzydłowy Kacper Chodyna
65%
Lewy skrzydłowy Luquinhas
43%
Nie znaleziono quizów pasujących do podanych kryteriów
Rozkład punktacji
Procent ludzi z każdym wynikiem
Percentyl według liczby udzielonych odpowiedzi
Twoja historia wyników
Nie rozwiązałeś tego quizu